000 01261nam a2200229Ii 4500
008 221202s xx 000 0 und d
100 1 _aLeitzel, James,
_eauthor
245 0 _aRussian Economic Reform
264 _bTaylor & Francis
_c1995
300 _a1 online resource
336 _atext
_btxt
_2rdacontent
337 _acomputer
_bc
_2rdamedia
338 _aonline resource
_bcr
_2rdacarrier
520 _aTransitions from socialism to capitalism are complex, both in theory and practice. Russian Economic Reform enables the reader to come to a much better understanding of these momentous changes, by providing a clear and accessible account of the major features of transition. It argues that attempts to portray the reform process is a disaster are misconceived, because they fail to take account of just how badly the pre-reform economy was doing. Many of the problems that are emerging now have their antecedents in the earlier economic system.
653 _aEconomy
653 _aFree
653 _aPartial
653 _aPre-Reform
653 _aPrices
856 _uhttps://docs.google.com/spreadsheets/d/1yKIrdCPDAG_9c22mwoOIO2DOhtj65Wqa/edit?usp=sharing&ouid=106555315294820607512&rtpof=true&sd=true
_yList of Curated E-Books
942 _cE-BOOK
999 _c96382
_d96379